000
00319nam a22001337a 4500
020
_a
034911529X
082
_a
303.482
100
_a
Legrain, Philippe
245
_a
Open world : the truth about globalization
260
_a
London :
_b
Abacus,
_c
2003.
300
_a
374 cm.
_b
20 cm.
500
_a
Paperback.
942
_c
BK
999
_c
34086
_d
34086